Biblioteca "Ernesto Sabato"
Facultad de Derecho y Ciencias Sociales
Facultad de Lenguas
Universidad Nacional del Comahue

Muchacha, cachifa, criada, empleada, empregadinha, sirvienta y... más nada (Record no. 36599)

MARC details
000 -CABECERA
campo de control de longitud fija 00681nam a22002177a 4500
003 - IDENTIFICADOR DEL NÚMERO DE CONTROL
campo de control OSt
005 - FECHA Y HORA DE LA ÚLTIMA TRANSACCIÓN
campo de control 20251107130903.0
008 - DATOS DE LONGITUD FIJA--INFORMACIÓN GENERAL
campo de control de longitud fija 251107b ||||| |||| 00| 0 spa d
020 ## - ISBN
Número Internacional Estándar del Libro 980-317-039-2
040 ## - FUENTE DE LA CATALOGACIÓN
Centro/agencia transcriptor Biblioteca Ernesto Sábato
092 ## - SIGNATURA TOPOGRÁFICA
Número de clasificación 331.481
Libristica C434
Sector BMB
100 ## - Autor Personal
Nombre de persona Chaney, Elsa M., ed.
245 ## - MENCIÓN DE TÍTULO
Título Muchacha, cachifa, criada, empleada, empregadinha, sirvienta y... más nada
Resto del título : trabajadoras domésticas en América Latina y el Caribe
250 ## - MENCIÓN DE EDICIÓN
Mención de edición 1a. ed.
260 ## - PUBLICACIÓN, DISTRIBUCIÓN, ETC. (PIE DE IMPRENTA)
Lugar de publicación, distribución, etc. Filadelfia
Nombre del editor, distribuidor, etc. Nueva Sociedad
300 ## - DESCRIPCIÓN FÍSICA
Paginas 420 p.
650 ## - Descriptores Tematicos
Término de materia o nombre geográfico como elemento inicial SERVICIO DOMESTICO
650 ## - Descriptores Tematicos
Término de materia o nombre geográfico como elemento inicial HOGAR-TRABAJADORAS DEL
700 ## - Coautores y traductores
Nombre de persona García Castro, Mary, ed.
942 ## - ELEMENTOS DE PUNTO DE ACCESO ADICIONAL (KOHA)
Fuente del sistema de clasificación o colocación Dewey Decimal Classification
Tipo de ítem Koha BMB
Holdings
Estado de retiro Estado de pérdida Fuente del sistema de clasificación o colocación Estado dañado No para préstamo Localización permanente Ubicación/localización actual Fecha de adquisición Número de inventario Total de préstamos Signatura topográfica completa Código de barras Fecha visto por última vez Precio válido a partir de Tipo de ítem Koha
    Dewey Decimal Classification     Biblioteca Ernesto Sabato - FADECS - UNCOMA Biblioteca Ernesto Sabato - FADECS - UNCOMA 07/11/2025 27044   331.481 C434 27044 07/11/2025 07/11/2025 BMB
Facultad de Derecho y Ciencias Sociales | Universidad Nacional del Comahue | Mendoza y Perú General Roca | Río Negro CP (8332) | Patagonia Argentina | Teléfono: 54-0298-4433670 | | Fax: 0298-4432093 | Fax alumnos: 0298-4435700